Sistema razdelenija vremeni JES EVM spravočnoje posobije
Uložené v:
| Médium: | Kniha |
|---|---|
| Jazyk: | Russian |
| Vydavateľské údaje: |
Moskva
Finansy i statistika
1982
|
| Tagy: |
Žiadne tagy, Buďte prvý, kto otaguje tento záznam!
|
MARC
| LEADER | 00000nam a2200000 4500 | ||
|---|---|---|---|
| 001 | c132113 | ||
| 005 | 20260128071221.6 | ||
| 041 | 0 | |a rus | |
| 044 | |a RU | ||
| 245 | 1 | 0 | |a Sistema razdelenija vremeni JES EVM |b spravočnoje posobije |c Red. E.V. Kovalevič |
| 264 | 1 | |a Moskva |b Finansy i statistika |c 1982 | |
| 300 | |a 238 s. | ||